000 00592cam a22002291 4500
001 sa 67001490
003 DLC
005 20260227112323.0
008 940802s1963 ii 000 1 pano
010 _asa 67001490
025 _aPL480:I-Pu-740
035 _a(OCoLC)30865139
040 _aDLC
_cCU
_dCU
_dDLC
042 _apremarc
050 0 0 _aPK2659.B5
_bK3
100 0 _aWīra Siṅgha,
_cBhai.
245 1 0 _aKambadī kalāī.
260 _b[(published) for Bhai Vir Singh Sahitya Sadan]
_c1963.
300 _a10, 279 p.
_c19 cm.
500 _aCover title.
500 _aIn Panjabi.
999 _c72672
_d72672